Den poslední /

Hlavní autor: Kleier, Glenn
Další autoři: Otáhal, Antonín, 1955-
Jazyk: Čeština
Vydáno: [Praha] : BB art, 2000
Vydání: 1. vyd. v českém jaz.
Témata:
Fyzický popis: 473 s. ; 24 cm
Knihy
Uloženo v:
LEADER 00969nam a2200301 a 4500
001 000539078
003 CZ BrMZK
005 20071126144552.0
007 ta
008 010907s2000 xr g f cze d
015 |a cnb000817181 
020 |a 80-7257-114-1 
035 |a (OCoLC)44147871 
040 |a BOA001  |b cze 
072 7 |a 821.111(73)-3  |x Americká próza  |2 Konspekt  |9 25 
080 |a 821.111(73)-31  |2 MRF 
080 |a (0:82-31)  |2 MRF 
100 1 |a Kleier, Glenn  |4 aut 
245 1 0 |a Den poslední /  |c Glenn Kleier ; [z angličtiny] přeložil Antonín Otáhal 
250 |a 1. vyd. v českém jaz. 
260 |a [Praha] :  |b BB art,  |c 2000 
300 |a 473 s. ;  |c 24 cm 
655 7 |a americké romány  |7 fd131796  |2 czenas 
700 1 |a Otáhal, Antonín,  |d 1955-  |7 jn20001103746  |4 trl 
765 0 |t <<The >>last day 
910 |a BOA001  |b 2-1078.826 
990 |a BK 
996 6 |b 2610124322  |c 2-1078.826  |l MZK  |r Sklad / do 1 hodiny  |n 0  |p p.v.  |w 000539078  |u 000010  |a 1  |e BOA001  |j MZK50  |s P